| 000 | 00000nas 2200000za 4500 |
| 001 | 9.826242 |
| 003 | CaOODSP |
| 005 | 20241127112915 |
| 007 | cr ||||||||||| |
| 008 | 181210u1971uuuuoncuu m o f0###|0fre|d |
| 022 | |y0410-7926 |
| 040 | |aCaOODSP|bfre |
| 041 | |aeng|afre |
| 043 | |an-cn--- |
| 086 | 1 |aEn57-23-PDF |
| 130 | 0 |aCLI (série : En ligne) |
| 245 | 00|aCLI |h[ressource électronique] / |cService de l'environnement atmosphérique. |
| 260 | |aDownsview, Ont. : |bEnvironnement Canada, |c[1971]- |
| 546 | |aTexte en anglais et en français. |
| 550 | |aPublié par : Programme climatologique canadien. |
| 588 | 1 |aDescription d'après : CLI-1-91. |
| 692 | 07|2gccst|aMétéorologie |
| 692 | 07|2gccst|aClimat |
| 710 | 1 |aCanada. |bService de l'environnement atmosphérique. |
| 791 | |tCLI |eeng|w(CaOODSP)9.826234 |